| 000 | 00455nam a22001697a 4500 | ||
|---|---|---|---|
| 005 | 20250219150242.0 | ||
| 010 | _aENG-143873 | ||
| 020 |
_c90.00 _a979350077528 |
||
| 035 | _aEN-127405 | ||
| 037 | _bDBAD | ||
| 082 | _a510 | ||
| 245 |
_aManual for Secondary Mathematics Kit _bMathematics Kit |
||
| 260 |
_aNew Delhi _bNCERT _c2016 |
||
| 270 |
_bNew Delhi _aSri Aurobindo Marg |
||
| 300 |
_a111pp _c24cm(pbk) |
||
| 942 |
_2ddc _cEN _h510 |
||
| 999 |
_c209456 _d209456 |
||